[Event "BL2-West 2122"]
[Site "Germany"]
[Date "2022.07.02"]
[Round "9.1"]
[White "Livaic, Leon"]
[Black "Muschik, Benedikt"]
[Result "1-0"]
[WhiteElo "2560"]
[BlackElo "2341"]
[PlyCount "129"]
[EventDate "2022.03.05"]
[EventType "team-tourn"]
[EventRounds "10"]
[EventCountry "GER"]
[SourceTitle "EXT 2023"]
[Source "ChessBase"]
[SourceDate "2022.10.05"]
[SourceVersion "1"]
[SourceVersionDate "2022.10.05"]
[SourceQuality "1"]
[WhiteTeam "Heimbach Weis/Neuwied"]
[BlackTeam "Muenster"]
[WhiteTeamCountry "GER"]
[BlackTeamCountry "GER"]

1. d4 g6 2. e4 Bg7 3. Nf3 d6 4. c3 Nc6 5. h3 e5 6. Be3 Nf6 7. Nbd2 0-0 8. dxe5 dxe5 9. Bb5 Bd7 10. a4 Qe7 11. 0-0 Rad8 12. b4 b6 13. Qb3 Rfe8 14. Rfd1 Nb8 15. Bc4 Be6 16. a5 h6 17. axb6 axb6 18. b5 Nbd7 19. Bxe6 Qxe6 20. Qc2 c6 21. Qa4 Rc8 22. c4 cxb5 23. Qxb5 Nc5 24. Bxc5 Rxc5 25. Qb2 Bf8 26. Ra7 Rc6 27. Rda1 Bc5 28. Rb7 Rd6 29. Raa7 Rd7 30. Rxd7 Nxd7 31. Nb3 Nf6 32. Nxc5 bxc5 33. Qe2 Qc6 34. Qe3 Kg7 35. Nd2 Rd8 36. Qc3 Qd6 37. Nf3 Re8 38. Qb3 Qe6 39. Qd3 Qc6 40. Nd2 Qb6 41. Ra1 Rd8 42. Qc3 Qd6 43. Ra2 Qd4 44. Qxd4 Rxd4 45. f3 Nh5 46. Rc2 Rd3 47. Kf2 Nf4 48. Nf1 Ne6 49. Ne3 Nd4 50. Ra2 Ne6 51. Ng4 Rd4 52. Nxe5 h5 53. Ra7 Kf6 54. Nd7+ Kg7 55. Ke3 Rxc4 56. Ne5 Rc3+ 57. Kd2 Rb3 58. Rxf7+ Kg8 59. Rf6 Nf8 60. Nxg6 Nh7 61. Rc6 Rb2+ 62. Kc3 Rxg2 63. Nf4 Rg3 64. h4 Kf7 65. Rxc5 1-0

[Event "BL2-West 2122"]
[Site "Germany"]
[Date "2022.06.19"]
[Round "8.2"]
[White "Muschik, Benedikt"]
[Black "Lubbe, Melanie"]
[Result "0-1"]
[WhiteElo "2341"]
[BlackElo "2354"]
[PlyCount "62"]
[EventDate "2022.03.05"]
[EventType "team-tourn"]
[EventRounds "10"]
[EventCountry "GER"]
[SourceTitle "EXT 2023"]
[Source "ChessBase"]
[SourceDate "2022.10.05"]
[SourceVersion "1"]
[SourceVersionDate "2022.10.05"]
[SourceQuality "1"]
[WhiteTeam "Muenster"]
[BlackTeam "Neuberg"]
[WhiteTeamCountry "GER"]
[BlackTeamCountry "GER"]

1. d4 d5 2. Bf4 Nf6 3. e3 e6 4. Nf3 Bd6 5. Bg3 0-0 6. Bd3 b6 7. Qe2 c5 8. c3 Ne4 9. Nbd2 Bb7 10. Rd1 Nxg3 11. hxg3 f5 12. g4 g6 13. gxf5 exf5 14. Ne5 Nc6 15. f4 Nxe5 16. dxe5 Be7 17. Nf3 Qc7 18. Kf2 Rad8 19. Rh3 Qc6 20. Rdh1 Rf7 21. Rg3 Qe6 22. Rh6 Rg7 23. Ng5 Bxg5 24. Rxg5 Qd7 25. Bb5 Qe7 26. g4 fxg4 27. Rxg4 Bc8 28. Rg5 Be6 29. Rh1 d4 30. Rd1 Rf7 31. Bd3 Qxg5 0-1

[Event "BL2-West 2122"]
[Site "Germany"]
[Date "2022.05.14"]
[Round "5.3"]
[White "Muschik, Benedikt"]
[Black "Kotter, Ralf"]
[Result "1/2-1/2"]
[WhiteElo "2330"]
[BlackElo "2335"]
[PlyCount "53"]
[EventDate "2022.03.05"]
[EventType "team-tourn"]
[EventRounds "10"]
[EventCountry "GER"]
[SourceTitle "EXT 2023"]
[Source "ChessBase"]
[SourceDate "2022.10.05"]
[SourceVersion "1"]
[SourceVersionDate "2022.10.05"]
[SourceQuality "1"]
[WhiteTeam "Muenster"]
[BlackTeam "Dortmund Hansa"]
[WhiteTeamCountry "GER"]
[BlackTeamCountry "GER"]

1. d4 Nf6 2. Bf4 e6 3. e3 c5 4. c3 Be7 5. Nd2 cxd4 6. exd4 d6 7. Ngf3 0-0 8. Bd3 b6 9. Qe2 Bb7 10. a4 a6 11. h3 Nbd7 12. 0-0 Re8 13. Nc4 Qc7 14. Ne3 Bf8 15. Bh2 g6 16. Rfd1 Qc6 17. Qf1 Nh5 18. d5 exd5 19. Bc2 Nhf6 20. Bb3 Nc5 21. Nxd5 Nxd5 22. Bxd5 Qc7 23. Bxb7 Nxb7 24. Qd3 Qc6 25. Kf1 Na5 26. Qd5 Rac8 27. Qxc6 1/2-1/2

[Event "GER-chT Online Liga 1 GpC"]
[Site "Playchess.com INT"]
[Date "2021.02.05"]
[Round "2.1"]
[White "Muschik, Benedikt"]
[Black "Belous, Mikhail"]
[Result "0-1"]
[WhiteElo "2330"]
[BlackElo "2362"]
[PlyCount "92"]
[EventDate "2021.01.21"]
[EventType "team-tourn (rapid)"]
[EventRounds "7"]
[EventCountry "GER"]
[SourceTitle "EXT 2022"]
[Source "ChessBase"]
[SourceDate "2021.10.06"]
[SourceVersion "1"]
[SourceVersionDate "2021.10.06"]
[SourceQuality "1"]
[WhiteTeam "Muenster"]
[BlackTeam "Dessau"]
[WhiteTeamCountry "GER"]
[BlackTeamCountry "GER"]

1. d4 Nf6 2. Nf3 g6 3. Bg5 Bg7 4. Nbd2 d5 5. e3 0-0 6. Bd3 c5 7. c3 Nc6 8. 0-0 Qb6 9. Rb1 Re8 10. Re1 e5 11. dxe5 Nxe5 12. Nxe5 Rxe5 13. Bf4 Re8 14. h3 Be6 15. a3 Rad8 16. Qe2 a6 17. Bg5 h6 18. Bh4 Rd7 19. Qf3 Nh7 20. Bc2 Qc6 21. Rbd1 Ng5 22. Qf4 d4 23. Bxg5 hxg5 24. Qxg5 dxc3 25. bxc3 Red8 26. Nb3 Rxd1 27. Rxd1 Rxd1+ 28. Bxd1 Qd6 29. Bc2 b6 30. h4 Bxc3 31. h5 Qd5 32. Qxd5 Bxd5 33. hxg6 fxg6 34. a4 Kf7 35. a5 c4 36. Nd4 Bxd4 37. exd4 b5 38. Kf1 b4 39. f3 b3 40. Bb1 c3 41. Ke2 c2 42. Bxc2 bxc2 43. Kd2 Bb3 44. f4 Ke6 45. g4 Kd5 46. f5 g5 0-1

[Event "GER-chT Online Liga 1 GpC"]
[Site "Playchess.com INT"]
[Date "2021.01.21"]
[Round "1.1"]
[White "Plischki, Sebastian"]
[Black "Muschik, Benedikt"]
[Result "0-1"]
[WhiteElo "2352"]
[BlackElo "2330"]
[PlyCount "84"]
[EventDate "2021.01.21"]
[EventType "team-tourn (rapid)"]
[EventRounds "7"]
[EventCountry "GER"]
[SourceTitle "CBM 200 Extra"]
[Source "ChessBase"]
[SourceDate "2021.03.31"]
[SourceVersion "1"]
[SourceVersionDate "2021.03.31"]
[SourceQuality "1"]
[WhiteTeam "Rinteln"]
[BlackTeam "Muenster"]
[WhiteTeamCountry "GER"]
[BlackTeamCountry "GER"]

1. d4 g6 2. e4 Bg7 3. Nc3 d6 4. Be3 a6 5. Qd2 b5 6. 0-0-0 c6 7. h4 Nf6 8. f3 h5 9. Kb1 Qc7 10. Nh3 Bxh3 11. Rxh3 Nbd7 12. Rh1 Nb6 13. b3 a5 14. Ne2 a4 15. Nf4 0-0 16. g3 Rfb8 17. Rh2 Qb7 18. Qe1 Nc4 19. Bc1 e5 20. dxe5 Nxe5 21. Rf2 Nc4 22. b4 Nd7 23. a3 Nde5 24. Nd3 Qe7 25. c3 Qe6 26. Nxe5 Bxe5 27. f4 Bg7 28. Bxc4 Qxc4 29. Bb2 Re8 30. Re2 Rad8 31. Kc1 f5 32. e5 dxe5 33. Rxd8 Rxd8 34. fxe5 Qd3 35. Rc2 Bxe5 36. c4 Bxb2+ 37. Rxb2 Qxc4+ 38. Rc2 Qd5 39. Qe3 Rd7 40. Re2 Kh7 41. Kb2 Qd4+ 42. Qxd4 Rxd4 0-1

[Event "Oberliga NRW 1819"]
[Site "Germany"]
[Date "2018.10.14"]
[Round "2.3"]
[White "Andreev, Eduard"]
[Black "Muschik, Benedikt"]
[Result "1/2-1/2"]
[WhiteElo "2427"]
[BlackElo "2289"]
[PlyCount "82"]
[EventDate "2018.09.16"]
[EventType "team-tourn"]
[EventRounds "9"]
[EventCountry "GER"]
[SourceTitle "EXT 2020"]
[Source "ChessBase"]
[SourceDate "2019.10.17"]
[SourceVersion "1"]
[SourceVersionDate "2019.10.17"]
[SourceQuality "1"]
[WhiteTeam "Siegburg"]
[BlackTeam "Muenster"]
[WhiteTeamCountry "GER"]
[BlackTeamCountry "GER"]

1. e4 g6 2. d4 Bg7 3. Nc3 d6 4. Be3 a6 5. h4 Nf6 6. f3 h5 7. Qd2 b5 8. 0-0-0 c6 9. Kb1 Qc7 10. Nge2 Nbd7 11. Nf4 Nb6 12. e5 Nfd5 13. Ncxd5 Nxd5 14. Nxd5 cxd5 15. exd6 Qxd6 16. Bd3 Be6 17. Rhe1 Ra7 18. Bf4 Qb6 19. Be5 Bxe5 20. Rxe5 Rd7 21. Rde1 Rg8 22. Qf4 Rd6 23. g4 hxg4 24. fxg4 Kd7 25. R5e2 Rh8 26. Rh2 g5 27. Qe5 Rxh4 28. Rxh4 gxh4 29. g5 Qd8 30. Rh1 f6 31. gxf6 exf6 32. Qf4 h3 33. Bf5 Qg8 34. a4 Qg5 35. Bxe6+ Rxe6 36. Qb8 Qg2 37. Rh2 Qf1+ 38. Ka2 bxa4 39. Qb7+ Kd6 40. Qb6+ Kd7 41. Qb7+ Kd6 1/2-1/2

[Event "GER CupT 1718 prel4"]
[Site "Kirchweyhe"]
[Date "2018.01.14"]
[Round "2.3"]
[White "Muschik, Benedikt"]
[Black "Zelcic, Robert"]
[Result "1/2-1/2"]
[WhiteElo "2277"]
[BlackElo "2513"]
[PlyCount "91"]
[EventDate "2018.01.13"]
[EventType "team-k.o."]
[EventRounds "2"]
[EventCountry "GER"]
[SourceTitle "EXT 2019"]
[Source "ChessBase"]
[SourceDate "2018.10.10"]
[SourceVersion "1"]
[SourceVersionDate "2018.10.10"]
[SourceQuality "1"]
[WhiteTeam "Kirchweyhe"]
[BlackTeam "Muenster SK"]
[WhiteTeamCountry "GER"]
[BlackTeamCountry "GER"]

1. d4 Nf6 2. Bf4 d5 3. e3 c5 4. c3 Nc6 5. Nd2 Bf5 6. Qb3 Qd7 7. Ngf3 c4 8. Qd1 e6 9. Ne5 Nxe5 10. dxe5 Ne4 11. Nxe4 Bxe4 12. f3 Bg6 13. h4 h5 14. Qd2 b5 15. Kf2 Bc5 16. Be2 Rb8 17. b4 cxb3 18. axb3 b4 19. Ra6 0-0 20. c4 Rbc8 21. cxd5 exd5 22. Rd1 Rfd8 23. Kg3 Bb6 24. Qxb4 Rc2 25. Rd2 Rdc8 26. Ra2 R2c5 27. e4 Rc3 28. Rd3 Rxd3 29. Bxd3 dxe4 30. Bxe4 Qe6 31. Rd2 Bxe4 32. Qxe4 Qxb3 33. Qf5 Re8 34. Qxh5 a5 35. Qg4 Be3 36. Rd6 Bxf4+ 37. Qxf4 Qb5 38. Qe4 Qxe5+ 39. Qxe5 Rxe5 40. Ra6 Rb5 41. Kh3 g6 42. g4 Kf8 43. Ra7 Kg7 44. Ra6 Rd5 45. Kg3 Rc5 46. Kh3 1/2-1/2

[Event "Gelsenkirchen Silvester op 5th"]
[Site "Gelsenkirchen"]
[Date "2017.12.29"]
[Round "5"]
[White "Muschik, Benedikt"]
[Black "Tayyar, Alptug"]
[Result "0-1"]
[WhiteElo "2234"]
[BlackElo "1976"]
[PlyCount "93"]
[EventDate "2017.12.27"]
[EventType "swiss"]
[EventRounds "5"]
[EventCountry "GER"]
[SourceTitle "CBM 182 Extra"]
[Source "ChessBase"]
[SourceDate "2018.02.23"]
[SourceVersion "1"]
[SourceVersionDate "2018.02.23"]
[SourceQuality "1"]

1. d4 d5 2. Bf4 Nf6 3. e3 c5 4. c3 Nc6 5. Nd2 cxd4 6. exd4 Bf5 7. Ngf3 e6 8. Qb3 Qc8 9. Nh4 Be4 10. f3 Bg6 11. g4 Be7 12. Nxg6 hxg6 13. Bd3 Bd8 14. Bg3 Bc7 15. Kf2 g5 16. Qa3 Bf4 17. Bxf4 gxf4 18. Qd6 Qb8 19. Qxb8+ Rxb8 20. g5 Nd7 21. h4 Rh5 22. Rag1 Ke7 23. Rg4 Rbh8 24. g6 f5 25. Rg2 Rxh4 26. Re1 Kf6 27. Bb5 Rh2 28. Nb3 R8h6 29. Bxc6 bxc6 30. Na5 Rxg2+ 31. Kxg2 Rxg6+ 32. Kf2 Rh6 33. Kg2 c5 34. Nc6 Rh8 35. b4 cxb4 36. cxb4 g5 37. b5 g4 38. a4 Nb6 39. Ne5 Nc4 40. fxg4 Ne3+ 41. Rxe3 fxe3 42. g5+ Kg7 43. Nd3 Rh4 44. Kf3 Rxd4 45. Nc5 Kf7 46. a5 Rb4 47. g6+ 0-1

[Event "Gelsenkirchen Silvester op 5th"]
[Site "Gelsenkirchen"]
[Date "2017.12.28"]
[Round "3"]
[White "Muschik, Benedikt"]
[Black "Gausmann, Thomas"]
[Result "1-0"]
[WhiteElo "2234"]
[BlackElo "1618"]
[PlyCount "61"]
[EventDate "2017.12.27"]
[EventType "swiss"]
[EventRounds "5"]
[EventCountry "GER"]
[SourceTitle "CBM 182 Extra"]
[Source "ChessBase"]
[SourceDate "2018.02.23"]
[SourceVersion "1"]
[SourceVersionDate "2018.02.23"]
[SourceQuality "1"]

1. d4 d5 2. Bf4 Nf6 3. e3 Bf5 4. c4 e6 5. Nc3 Nbd7 6. Nf3 h6 7. Qb3 dxc4 8. Bxc4 Nb6 9. Be2 Bd6 10. Ne5 0-0 11. 0-0 Rc8 12. Nb5 a6 13. Nxd6 cxd6 14. Nd3 Nbd5 15. Bg3 Qb6 16. Qxb6 Nxb6 17. Bxd6 Rc2 18. Bd1 Bxd3 19. Bxc2 Bxc2 20. Bxf8 Kxf8 21. Rfc1 Be4 22. f3 Bc6 23. e4 Ke7 24. Kf2 Ne8 25. b3 f5 26. d5 Bd7 27. dxe6 Kxe6 28. exf5+ Kxf5 29. Rc5+ Kg6 30. Re1 Nf6 31. Rc7 1-0

[Event "Oberliga NRW 1718"]
[Site "Germany"]
[Date "2017.12.17"]
[Round "4.3"]
[White "Muschik, Benedikt"]
[Black "Suvorov, Alexander1111"]
[Result "1/2-1/2"]
[WhiteElo "2234"]
[BlackElo "2146"]
[PlyCount "70"]
[EventDate "2017.09.17"]
[EventType "team-tourn"]
[EventRounds "9"]
[EventCountry "GER"]
[SourceTitle "EXT 2019"]
[Source "ChessBase"]
[SourceDate "2018.10.10"]
[SourceVersion "1"]
[SourceVersionDate "2018.10.10"]
[SourceQuality "1"]
[WhiteTeam "Muenster"]
[BlackTeam "Koeln Porz II"]
[WhiteTeamCountry "GER"]
[BlackTeamCountry "GER"]

1. d4 Nf6 2. Bf4 g6 3. e3 Bg7 4. Nf3 d6 5. Be2 0-0 6. 0-0 c5 7. c3 Nc6 8. Nbd2 Nh5 9. Bg5 h6 10. Bh4 g5 11. Ne1 Nf6 12. Bg3 cxd4 13. cxd4 Bf5 14. Nd3 Qd7 15. Qb3 Ne4 16. Nxe4 Bxe4 17. Rac1 Rac8 18. Rfd1 Kh8 19. h4 Bf6 20. hxg5 hxg5 21. f3 Bg6 22. Nf2 Bg7 23. Nh3 f6 24. a3 Na5 25. Qd5 Qf5 26. Qa2 Rxc1 27. Rxc1 Rc8 28. Rxc8+ Qxc8 29. b4 Qc1+ 30. Kh2 Nc6 31. Qb3 Qd2 32. Bf1 Qc1 33. Be2 Qd2 34. Bf1 Qc1 35. Be2 Qd2 1/2-1/2

[Event "NRW Class1 1617"]
[Site "Germany"]
[Date "2017.02.12"]
[Round "6.1"]
[White "Loifenfeld, Jakov"]
[Black "Muschik, Benedikt"]
[Result "1/2-1/2"]
[WhiteElo "2426"]
[BlackElo "2318"]
[PlyCount "44"]
[EventDate "2016.09.25"]
[EventType "team-tourn"]
[EventRounds "9"]
[EventCountry "GER"]
[SourceTitle "EXT 2023"]
[Source "ChessBase"]
[SourceDate "2022.10.05"]
[SourceVersion "1"]
[SourceVersionDate "2022.10.05"]
[SourceQuality "1"]
[WhiteTeam "Bruehl"]
[BlackTeam "Muenster SK"]
[WhiteTeamCountry "GER"]
[BlackTeamCountry "GER"]

1. d4 g6 2. c4 Bg7 3. Nf3 d6 4. e4 Bg4 5. Be2 Nc6 6. Nbd2 Nf6 7. d5 Nb8 8. 0-0 0-0 9. Re1 a5 10. Bf1 Na6 11. h3 Bxf3 12. Nxf3 Nd7 13. Rb1 Nac5 14. Bg5 h6 15. Bd2 e5 16. dxe6 Nxe6 17. Be3 Ne5 18. Nd4 Nxd4 19. Bxd4 c5 20. Bc3 Nc6 21. Qd2 Nd4 22. Bd3 Qg5 1/2-1/2

[Event "NRW Class1 1617"]
[Site "Germany"]
[Date "2016.10.23"]
[Round "2.1"]
[White "Muschik, Benedikt"]
[Black "Wessendorf, Thomas"]
[Result "0-1"]
[WhiteElo "2318"]
[BlackElo "2282"]
[PlyCount "54"]
[EventDate "2016.09.25"]
[EventType "team-tourn"]
[EventRounds "9"]
[EventCountry "GER"]
[SourceTitle "EXT 2023"]
[Source "ChessBase"]
[SourceDate "2022.10.05"]
[SourceVersion "1"]
[SourceVersionDate "2022.10.05"]
[SourceQuality "1"]
[WhiteTeam "Muenster SK"]
[BlackTeam "Katernberg SF II"]
[WhiteTeamCountry "GER"]
[BlackTeamCountry "GER"]

1. d4 c5 2. c3 Qa5 3. Nd2 cxd4 4. Nb3 Qc7 5. cxd4 d5 6. g3 Nc6 7. Bg2 Nf6 8. Nf3 Bf5 9. Nh4 Be4 10. f3 Bg6 11. 0-0 e6 12. Bf4 Qb6 13. Rc1 a5 14. Nxg6 hxg6 15. Qd2 Bb4 16. Qe3 a4 17. Nc5 Bxc5 18. dxc5 Qxb2 19. Rb1 Qxa2 20. Bd6 Ra7 21. Rb6 Qc4 22. Rfb1 a3 23. Rxc6 bxc6 24. Rb8+ Kd7 25. Rxh8 d4 26. Qe5 a2 27. Be7 Qc1+ 0-1

[Event "NRW Class1 1617"]
[Site "Germany"]
[Date "2016.09.25"]
[Round "1.1"]
[White "Wilde, Pierre"]
[Black "Muschik, Benedikt"]
[Result "1/2-1/2"]
[WhiteElo "2271"]
[BlackElo "2318"]
[PlyCount "22"]
[EventDate "2016.09.25"]
[EventType "team-tourn"]
[EventRounds "9"]
[EventCountry "GER"]
[SourceTitle "EXT 2023"]
[Source "ChessBase"]
[SourceDate "2022.10.05"]
[SourceVersion "1"]
[SourceVersionDate "2022.10.05"]
[SourceQuality "1"]
[WhiteTeam "Neuenkirchen"]
[BlackTeam "Muenster SK"]
[WhiteTeamCountry "GER"]
[BlackTeamCountry "GER"]

1. c4 g6 2. g3 Bg7 3. Bg2 e5 4. Nc3 Ne7 5. e4 d6 6. Nge2 c5 7. a3 Nbc6 8. Rb1 h5 9. h4 Bg4 10. f3 Be6 11. d3 0-0 1/2-1/2

[Event "NRW Class2 1415"]
[Site "Germany"]
[Date "2015.03.22"]
[Round "8.1"]
[White "Muschik, Benedikt"]
[Black "Kotainy, Jens"]
[Result "1/2-1/2"]
[WhiteElo "2295"]
[BlackElo "2335"]
[PlyCount "37"]
[EventDate "2014.09.14"]
[EventType "team-tourn"]
[EventRounds "9"]
[EventCountry "GER"]
[SourceTitle "EXT 2017"]
[Source "ChessBase"]
[SourceDate "2016.10.25"]
[SourceVersion "1"]
[SourceVersionDate "2016.10.25"]
[SourceQuality "1"]
[WhiteTeam "Neuenkirchen"]
[BlackTeam "Bochum SG II"]
[WhiteTeamCountry "GER"]
[BlackTeamCountry "GER"]

1. d4 c5 2. dxc5 Qa5+ 3. c3 Qxc5 4. e4 Nf6 5. Bd3 d6 6. Nf3 g6 7. 0-0 Bg7 8. h3 0-0 9. Be3 Qc7 10. Nd4 Nbd7 11. Nd2 Nc5 12. Bc2 Bd7 13. c4 e5 14. Ne2 b5 15. b4 Ne6 16. Bb3 bxc4 17. Nxc4 Nxe4 18. f3 Nf6 19. Qxd6 1/2-1/2

[Event "Politiken Cup 36th"]
[Site "Helsingor"]
[Date "2014.07.25"]
[Round "6"]
[White "Pedersen, Henrik Bolding"]
[Black "Muschik, Benedikt"]
[Result "1/2-1/2"]
[WhiteElo "2134"]
[BlackElo "2353"]
[PlyCount "97"]
[EventDate "2014.07.21"]
[EventType "swiss"]
[EventRounds "10"]
[EventCountry "DEN"]
[SourceTitle "CBM 161 Extra"]
[Source "ChessBase"]
[SourceDate "2014.08.29"]
[SourceVersion "1"]
[SourceVersionDate "2014.08.29"]
[SourceQuality "1"]

1. e4 g6 2. d4 Bg7 3. Nf3 d6 4. Nc3 a6 5. Be2 Nd7 6. 0-0 e6 7. a4 b6 8. Bg5 Ne7 9. Qd2 h6 10. Be3 Bb7 11. Rfd1 Nf6 12. Bd3 g5 13. Qe2 Nh5 14. e5 Nf4 15. Bxf4 gxf4 16. Be4 d5 17. Bd3 c5 18. Qd2 cxd4 19. Ne2 Nc6 20. Qxf4 Qc7 21. c3 dxc3 22. Nxc3 Nxe5 23. Rac1 Nxf3+ 24. Qxf3 Qe7 25. Qg3 0-0 26. Ne2 Rfc8 27. h4 e5 28. Bf5 Rd8 29. Qb3 Qf6 30. Ng3 d4 31. Rc7 Bd5 32. Qd3 Qxh4 33. Rdc1 Qg5 34. Bh7+ Kh8 35. Be4 Bxe4 36. Nxe4 Qf5 37. f3 Rdc8 38. Qb3 Rxc7 39. Rxc7 Rf8 40. Qxb6 Qf4 41. Qxa6 Qe3+ 42. Kh2 Qe1 43. a5 Qh4+ 44. Kg1 Qe1+ 45. Kh2 Kh7 46. Nf6+ Kh8 47. Ne4 Qh4+ 48. Kg1 Qe1+ 49. Kh2 1/2-1/2

[Event "Politiken Cup 36th"]
[Site "Helsingor"]
[Date "2014.07.21"]
[Round "1"]
[White "Mehringer, Joerg"]
[Black "Muschik, Benedikt"]
[Result "0-1"]
[WhiteElo "1939"]
[BlackElo "2353"]
[PlyCount "62"]
[EventDate "2014.07.21"]
[EventType "swiss"]
[EventRounds "10"]
[EventCountry "DEN"]
[SourceTitle "CBM 161 Extra"]
[Source "ChessBase"]
[SourceDate "2014.08.29"]
[SourceVersion "1"]
[SourceVersionDate "2014.08.29"]
[SourceQuality "1"]

1. e4 g6 2. g3 Bg7 3. Bg2 d6 4. Ne2 Nc6 5. 0-0 h5 6. h3 e5 7. d3 Be6 8. c3 Qd7 9. Kh2 Nh6 10. d4 Bc4 11. d5 Ne7 12. b3 Ba6 13. c4 f5 14. Bb2 h4 15. exf5 hxg3+ 16. Nxg3 Nexf5 17. Kg1 Nh4 18. Nd2 Nxg2 19. Kxg2 Nf5 20. Qg4 0-0-0 21. Rh1 Bh6 22. Nde4 Rdf8 23. Bc1 Bf4 24. Bxf4 exf4 25. Nf1 f3+ 26. Kg1 Rh4 27. Qxf3 Qe7 28. Ned2 Nd4 29. Qe3 Ne2+ 30. Kh2 Qe5+ 31. Qxe5 Rxf2# 0-1

[Event "NRW Class2 1314"]
[Site "Germany"]
[Date "2014.01.12"]
[Round "5.1"]
[White "Podzielny, Karl Heinz"]
[Black "Muschik, Benedikt"]
[Result "0-1"]
[WhiteElo "2377"]
[BlackElo "2285"]
[PlyCount "72"]
[EventDate "2013.09.15"]
[EventType "team-tourn"]
[EventRounds "9"]
[EventCountry "GER"]
[SourceTitle "EXT 2015"]
[Source "ChessBase"]
[SourceDate "2014.11.20"]
[SourceVersion "1"]
[SourceVersionDate "2014.11.20"]
[SourceQuality "1"]
[WhiteTeam "Letmathe"]
[BlackTeam "Neuenkirchen"]
[WhiteTeamCountry "GER"]
[BlackTeamCountry "GER"]

1. c4 g6 2. g3 Bg7 3. Bg2 e5 4. Nc3 d6 5. d3 Nc6 6. Rb1 f5 7. b4 Nf6 8. b5 Ne7 9. e3 0-0 10. Ba3 f4 11. e4 g5 12. gxf4 exf4 13. h3 Ng6 14. Nf3 h6 15. Ne2 Nd7 16. d4 Re8 17. Qc2 Qf6 18. Nc3 Qf7 19. Bf1 Nf6 20. Bd3 g4 21. e5 Nf8 22. hxg4 Bxg4 23. Nd2 dxe5 24. d5 e4 25. Ncxe4 Nxe4 26. Bxe4 Rxe4+ 27. Nxe4 Bf3 28. Kd2 Bxh1 29. Rxh1 f3 30. Qd3 Re8 31. Rg1 Qf4+ 32. Qe3 Rxe4 33. Bb2 Qxe3+ 34. fxe3 Re7 35. Ba3 Rf7 36. e4 Ng6 0-1

[Event "NRW Class2 1213"]
[Site "Germany"]
[Date "2013.02.17"]
[Round "6.1"]
[White "Muschik, Benedikt"]
[Black "Langers, Alexander"]
[Result "1-0"]
[WhiteElo "2271"]
[BlackElo "2156"]
[PlyCount "69"]
[EventDate "2012.09.16"]
[EventType "team-tourn"]
[EventRounds "9"]
[EventCountry "GER"]
[SourceTitle "EXT 2017"]
[Source "ChessBase"]
[SourceDate "2016.10.25"]
[SourceVersion "1"]
[SourceVersionDate "2016.10.25"]
[SourceQuality "1"]
[WhiteTeam "Neuenkirchen"]
[BlackTeam "Herne Sodingen"]
[WhiteTeamCountry "GER"]
[BlackTeamCountry "GER"]

1. d4 d5 2. Bf4 Nf6 3. e3 e6 4. Nf3 Bd6 5. Bg3 0-0 6. Nbd2 c5 7. c3 Nc6 8. Bd3 Qe7 9. Ne5 Bxe5 10. dxe5 Nd7 11. f4 f6 12. Qh5 g6 13. exf6 Nxf6 14. Qg5 Bd7 15. 0-0 Rad8 16. Bh4 Bc8 17. Rad1 Qg7 18. e4 Rde8 19. e5 Nd7 20. Qg4 c4 21. Bc2 Nc5 22. Bg5 Ne7 23. Qh4 Nf5 24. Bxf5 Rxf5 25. Bf6 Qc7 26. g4 Rxf6 27. exf6 Nd3 28. Nf3 Rf8 29. Ng5 Rxf6 30. Nxh7 Rf7 31. Nf6+ Kf8 32. g5 Bd7 33. f5 Qc5+ 34. Kh1 exf5 35. Rde1 1-0

[Event "NRW Class2 1213"]
[Site "Germany"]
[Date "2012.11.18"]
[Round "3.1"]
[White "Muschik, Benedikt"]
[Black "Kniest, Oliver"]
[Result "1/2-1/2"]
[WhiteElo "2271"]
[BlackElo "2255"]
[PlyCount "60"]
[EventDate "2012.09.16"]
[EventType "team-tourn"]
[EventRounds "9"]
[EventCountry "GER"]
[SourceTitle "EXT 2017"]
[Source "ChessBase"]
[SourceDate "2016.10.25"]
[SourceVersion "1"]
[SourceVersionDate "2016.10.25"]
[SourceQuality "1"]
[WhiteTeam "Neuenkirchen"]
[BlackTeam "Solingen III"]
[WhiteTeamCountry "GER"]
[BlackTeamCountry "GER"]

1. d4 Nf6 2. Bf4 d6 3. e3 g6 4. Be2 Bg7 5. h3 0-0 6. Nf3 c5 7. c3 Be6 8. dxc5 dxc5 9. 0-0 Nc6 10. Nbd2 Bf5 11. Bh2 Qd7 12. Nb3 b6 13. Qxd7 Nxd7 14. g4 Be4 15. Ng5 Bc2 16. Rfc1 Bxb3 17. axb3 Na5 18. Rd1 Ne5 19. f4 Nec6 20. Rd7 Rad8 21. Rad1 Bd4 22. Rc7 Bxe3+ 23. Kf1 h6 24. Ne4 Rxd1+ 25. Bxd1 f5 26. gxf5 gxf5 27. Nf2 Rd8 28. Bf3 Rd2 29. Bg3 Rd6 30. Ke2 Bxf2 1/2-1/2